banner-ar

مجانى الادب فى حدائق العرب / (Record no. 54779)

MARC details
000 -الفاتح
حقل البيانات ثابتة الطول 00730nam a2200229Ia 4500
005 - وقت وتاريخ اخر تعامل مع التسجيلة
رقم الضبط 20240530105315.0
008 - عناصر البيانات ثابتة الطول - معلومات عامة
حقل البيانات ثابتة الطول 140319s9999 xx 000 0 ara d
040 ## - مصدر الفهرسة
وكالة الفهرسة الأصلية GCL /
وكالة النسخ GCL
082 04 - رقم تصنيف ديوى العشرى
رقم التصنيف 810.8
رقم المادة ل م
100 1# - المدخل الرئيسى - إسم شخصى
الإسم الشخصى لويس شيخو اليسوعى
245 10 - بيان العنوان
العنوان مجانى الادب فى حدائق العرب /
بيان المسئوليه,etc لويس شيخو اليسوعى
260 ## - PUBLICATION, DISTRIBUTION, ETC. (IMPRINT)
تاريخ النشر أو التوزيع 1992
300 ## - الوصف المادى
التعداد 320 ص.؛
أبعاد الوعاء 20 سم.
650 04 - المدخل الاضافى بالموضوع-مصطلح موضوعى
مصطلح موضوعي الشعر العربى
650 04 - المدخل الاضافى بالموضوع-مصطلح موضوعى
مصطلح موضوعي الادب العربى
650 04 - المدخل الاضافى بالموضوع-مصطلح موضوعى
مصطلح موضوعي دواوين وقصائد
650 04 - المدخل الاضافى بالموضوع-مصطلح موضوعى
مصطلح موضوعي البلاغة العربية
650 04 - المدخل الاضافى بالموضوع-مصطلح موضوعى
مصطلح موضوعي التاريخ الاسلامى
650 04 - المدخل الاضافى بالموضوع-مصطلح موضوعى
مصطلح موضوعي المجموعات
942 ## - عناصر المدخل الإضافي( كوها)
مصدر التصنيف او مخطط الترفيف Dewey Decimal Classification
Koha [default] item type كتاب
260 ## - PUBLICATION, DISTRIBUTION, ETC. (IMPRINT)
-- [S.N] :
-- دار المشرق ،
Holdings
حالة التراجع حالة الفقد حالة تلف ليس للاعارة المكان المؤقت الموقع الحالى تاريخ الاكتساب اجمالي اﻻعارات رقم الطلب الباركود تاريخ اخر مشاهدة تاريخ تفعيل السعر نوع وعاء كوها مصدر التصنيف او خطة الترفيف
        مكتبة القاهرة الكبرى مكتبة القاهرة الكبرى 03/26/2014   810.8\ل م 131695 03/26/2014 03/26/2014 كتاب  
        مكتبة القاهرة الكبرى مكتبة القاهرة الكبرى 03/26/2014   810.8\ل م 131696 03/26/2014 03/26/2014 كتاب  
        مكتبة القاهرة الكبرى مكتبة القاهرة الكبرى 03/26/2014   810.8\ل م 131697 03/26/2014 03/26/2014 كتاب  
        مكتبة القاهرة الكبرى مكتبة القاهرة الكبرى 03/26/2014   810.8\ل م 131698 03/26/2014 03/26/2014 كتاب  
        مكتبة القاهرة الكبرى مكتبة القاهرة الكبرى 03/26/2014   810.8\ل م 131699 03/26/2014 03/26/2014 كتاب  
        مكتبة القاهرة الكبرى مكتبة القاهرة الكبرى 03/26/2014   810.8\ل م 131700 03/26/2014 03/26/2014 كتاب  
        مكتبة القاهرة الكبرى مكتبة القاهرة الكبرى 07/22/2019   810.8\ل م 166225 07/22/2019 07/22/2019 كتاب ddc
        مكتبة القاهرة الكبرى مكتبة القاهرة الكبرى 07/22/2019   810.8\ل م 166226 07/22/2019 07/22/2019 كتاب ddc
        مكتبة القاهرة الكبرى مكتبة القاهرة الكبرى 07/22/2019   810.8\ل م 166227 07/22/2019 07/22/2019 كتاب ddc
        مكتبة القاهرة الكبرى مكتبة القاهرة الكبرى 07/22/2019   810.8\ل م 166228 07/22/2019 07/22/2019 كتاب ddc

Powered By

EGPV